[Event "Open A"]
[Site "Panevezys"]
[Date "2008.08.17"]
[Round "8.10"]
[White "Zebelis, Rimantas"]
[Black "Lasinskas, Povilas"]
[Result "0-1"]
[WhiteElo "1994"]
[BlackElo "2269"]
[PlyCount "94"]
[EventDate "2008.08.12"]

1. d4 Nf6 2. c4 e6 3. Nf3 Bb4+ 4. Nbd2 a5 5. g3 b6 6. Bg2 Bb7 7. O-O O-O 8. a3
Bxd2 9. Bxd2 d6 10. b4 a4 11. Qc2 Be4 12. Qb2 Nbd7 13. Rfd1 Qe7 14. Rac1 h6 15.
Bc3 Rfe8 16. e3 Nh7 17. c5 Ndf6 18. h3 b5 19. Qe2 Rab8 20. Ne1 d5 21. f3 Bg6
22. e4 Nh5 23. Kh2 f5 24. Nd3 Qg5 25. Be1 fxe4 26. fxe4 dxe4 27. Bxe4 Bxe4 28.
Qxe4 Rbd8 29. Ne5 N5f6 30. Qf3 Rxd4 31. Bc3 Rd5 32. Qe2 Qf5 33. Ng4 Ne4 34. Rf1
Nxc3 35. Rxc3 Qg5 36. Rc2 c6 37. Rf2 h5 38. Ne3 Re5 39. Rf4 Nf6 40. Qf3 Rd8 41.
Ng2 Nd5 42. Rd4 Rf8 43. Nf4 h4 44. Qg4 hxg3+ 45. Kxg3 Ne3 46. Qxg5 Rxg5+ 47.
Kh4 Nxc2 0-1

[Event "Open A"]
[Site "Panevezys"]
[Date "2008.08.17"]
[Round "8.11"]
[White "Batkovskyte, Dominyka"]
[Black "Zilinskas, Vaidas"]
[Result "1/2-1/2"]
[WhiteElo "1934"]
[BlackElo "2147"]
[PlyCount "31"]
[EventDate "2008.08.12"]

1. d4 d6 2. Nf3 g6 3. c4 Bg7 4. Nc3 Nc6 5. Bg5 Bg4 6. e3 Qc8 7. Be2 e5 8. dxe5
Nxe5 9. Nxe5 Bxe2 10. Qa4+ c6 11. Nxe2 Bxe5 12. Qb3 Qc7 13. O-O Ne7 14. Rad1
O-O-O 15. Bf4 h5 16. Bxe5 1/2-1/2

[Event "Open A"]
[Site "Panevezys"]
[Date "2008.08.17"]
[Round "8.12"]
[White "Silkus, Algirdas"]
[Black "Lomonosovas, Vitalijus"]
[Result "1/2-1/2"]
[WhiteElo "1897"]
[BlackElo "2123"]
[PlyCount "37"]
[EventDate "2008.08.12"]

1. e4 e6 2. d4 d5 3. Nd2 c5 4. c3 Nc6 5. exd5 exd5 6. Ngf3 cxd4 7. Nxd4 Nxd4 8.
cxd4 Bd6 9. Bb5+ Bd7 10. Bxd7+ Qxd7 11. O-O Ne7 12. Nf3 O-O 13. Qd3 Rac8 14.
Bd2 Qf5 15. Qxf5 Nxf5 16. Rac1 h6 17. Rxc8 Rxc8 18. Rc1 Rxc1+ 19. Bxc1 1/2-1/2

[Event "Open A"]
[Site "Panevezys"]
[Date "2008.08.17"]
[Round "8.13"]
[White "Rudys, Arunas"]
[Black "Laurusaite, Brigita"]
[Result "0-1"]
[WhiteElo "2065"]
[BlackElo "2039"]
[PlyCount "94"]
[EventDate "2008.08.12"]

1. e4 c6 2. d4 d5 3. e5 Bf5 4. Nf3 e6 5. Be2 Ne7 6. O-O Nd7 7. Nbd2 c5 8. dxc5
Nc6 9. Nb3 Nxc5 10. Nbd4 Be4 11. Nxc6 bxc6 12. Nd4 Qc7 13. f3 Bg6 14. c4 a6 15.
cxd5 cxd5 16. Bf4 Nd7 17. Rc1 Qa7 18. Qa4 Bc5 19. Rxc5 Qxc5 20. Be3 Qc8 21. Rc1
Qb7 22. Qa3 Nxe5 23. b3 Nd3 24. Rc6 Qb4 25. Qxb4 Nxb4 26. Rb6 Nd3 27. Nxe6 fxe6
28. Rxe6+ Kf7 29. Rxg6 Kxg6 30. Bxd3+ Kf7 31. b4 g6 32. Kf2 Rhc8 33. Bd4 Ke6
34. Ke3 Rc6 35. f4 Rac8 36. g4 Kf7 37. a4 Rc4 38. b5 Rxa4 39. bxa6 Ra8 40. a7
Re8+ 41. Be5 Rxe5+ 42. fxe5 Rxa7 43. h4 Ke6 44. Kf4 Ra4+ 45. Kg5 h6+ 46. Kxg6
Rxg4+ 47. Kh5 Rf4 0-1

[Event "Open A"]
[Site "Panevezys"]
[Date "2008.08.17"]
[Round "8.14"]
[White "Kviliunas, Vladislovas"]
[Black "Macenis, Audrius"]
[Result "0-1"]
[WhiteElo "1877"]
[BlackElo "2128"]
[PlyCount "66"]
[EventDate "2008.08.12"]

1. d4 e6 2. Nf3 Nf6 3. c4 b6 4. g3 Bb7 5. Bg2 Bb4+ 6. Bd2 Bxd2+ 7. Nbxd2 d6 8.
O-O Nbd7 9. Re1 O-O 10. Qc2 Qe7 11. Rad1 a5 12. a4 Rae8 13. Ng5 Bxg2 14. Kxg2
e5 15. dxe5 Nxe5 16. Ndf3 Neg4 17. h3 Nxf2 18. Kxf2 h6 19. Qf5 hxg5 20. Nxg5
Qe3+ 21. Kg2 Re5 22. Qf4 Qc5 23. h4 Rfe8 24. Rd2 Qc6+ 25. e4 Qxc4 26. Rf2 R8e7
27. Rc1 Qxa4 28. Rfc2 c5 29. Rd2 d5 30. b3 Qb4 31. Rf1 d4 32. Rdf2 Qxb3 33. h5
Nxh5 0-1

[Event "Open A"]
[Site "Panevezys"]
[Date "2008.08.17"]
[Round "8.15"]
[White "Balcaite, Agne"]
[Black "Vaitonis, Vytautas"]
[Result "1/2-1/2"]
[WhiteElo "1830"]
[BlackElo "2078"]
[PlyCount "91"]
[EventDate "2008.08.12"]

1. e4 c5 2. Nf3 e6 3. d4 cxd4 4. Nxd4 a6 5. Bd3 Qc7 6. O-O Nf6 7. c4 b6 8. Nc3
Bb7 9. Qe2 d6 10. f4 Nbd7 11. Nb3 Be7 12. a4 O-O 13. a5 Rfe8 14. Kh1 Rac8 15.
Be3 Bf8 16. axb6 Nxb6 17. c5 dxc5 18. Bxa6 Bxa6 19. Rxa6 Nbd7 20. Rfa1 Rb8 21.
Na5 Rb6 22. Nc4 Rxa6 23. Rxa6 Rb8 24. h3 Qb7 25. Nd6 Qxb2 26. Qxb2 Rxb2 27. Na4
Rb1+ 28. Kh2 Nb8 29. Ra8 Bxd6 30. e5 Bf8 31. exf6 gxf6 32. Bxc5 Bxc5 33. Nxc5
Kg7 34. Ra7 Kg6 35. g4 Nc6 36. Rd7 Rb5 37. Nb7 Rd5 38. Rxd5 exd5 39. Nc5 f5 40.
g5 f6 41. gxf6 Kxf6 42. Nd3 d4 43. Kg3 Nd8 44. Kf3 Nf7 45. Nc5 Ke7 46. Nb3
1/2-1/2

[Event "Open A"]
[Site "Panevezys"]
[Date "2008.08.17"]
[Round "8.17"]
[White "Tiuninas, Algirdas"]
[Black "Apanaviciute, Kristina"]
[Result "1-0"]
[WhiteElo "1968"]
[BlackElo "1964"]
[PlyCount "75"]
[EventDate "2008.08.12"]

1. c4 Nf6 2. Nc3 e6 3. e4 d5 4. e5 d4 5. Nb5 Nfd7 6. Nf3 Nc6 7. Qe2 Bc5 8. Qe4
a6 9. Na3 Nf8 10. d3 h6 11. h4 Ng6 12. Nc2 Rb8 13. a3 a5 14. b3 Ra8 15. Rh3 Qd7
16. Rg3 Kf8 17. Bb2 h5 18. Ncxd4 Bxd4 19. Bxd4 Nxd4 20. Nxd4 Qe7 21. Nf3 c5 22.
Ng5 Rh6 23. Be2 Qc7 24. Nxf7 Kxf7 25. Bxh5 Kg8 26. Bxg6 Bd7 27. h5 Bc6 28. Qe3
b6 29. Kf1 Kh8 30. Rd1 a4 31. b4 cxb4 32. axb4 a3 33. b5 a2 34. Ra1 Be8 35. Qf3
Bc6 36. Qxc6 Qd8 37. Rf3 Rc8 38. Qd6 1-0

[Event "Open A"]
[Site "Panevezys"]
[Date "2008.08.17"]
[Round "8.18"]
[White "Kasperavicius, Jokubas"]
[Black "Kubilius, Jonas"]
[Result "0-1"]
[WhiteElo "1825"]
[BlackElo "2085"]
[PlyCount "114"]
[EventDate "2008.08.12"]

1. e4 c5 2. g3 Nc6 3. Bg2 e6 4. Ne2 d6 5. O-O Qc7 6. c3 g6 7. d3 Bg7 8. Be3 Nf6
9. h3 O-O 10. d4 b6 11. Na3 Ba6 12. Re1 Rad8 13. Qd2 Rfe8 14. Rac1 e5 15. d5
Ne7 16. c4 h5 17. Nc3 Bc8 18. Qe2 Bd7 19. f4 Nh7 20. Rf1 a6 21. Qf3 f5 22. fxe5
Bxe5 23. exf5 Nxf5 24. Bf2 Rf8 25. Qd3 Kg7 26. Rce1 Rde8 27. b3 Qd8 28. Ne4 Ng5
29. Kh2 Nxe4 30. Bxe4 h4 31. Bxf5 Bxf5 32. Qd2 Rh8 33. Rxe5 hxg3+ 34. Bxg3
Rxh3+ 35. Kg2 Rxg3+ 36. Kxg3 Rxe5 37. Rh1 g5 38. Nc2 Qe7 39. Rh2 Re4 40. Qc3+
Kg6 41. Qh8 Qe5+ 42. Qxe5 Rxe5 43. Rd2 b5 44. Na3 b4 45. Nc2 a5 46. Kf2 Bxc2
47. Rxc2 Kf5 48. Kg2 Ke4 49. Rf2 Kd3 50. Rf6 Re2+ 51. Kg3 Rxa2 52. Rxd6 a4 53.
bxa4 b3 54. Rb6 Kxc4 55. d6 Rxa4 56. d7 Ra8 57. Rc6 Rd8 0-1

[Event "Open A"]
[Site "Panevezys"]
[Date "2008.08.17"]
[Round "8.20"]
[White "Barsciauskas, Gintautas"]
[Black "Petraitis, Gintautas"]
[Result "1/2-1/2"]
[WhiteElo "1920"]
[BlackElo "2071"]
[PlyCount "30"]
[EventDate "2008.08.12"]

1. d3 d5 2. Nd2 e5 3. e4 Nf6 4. Be2 Bc5 5. c3 h6 6. Ngf3 Nc6 7. a3 a6 8. O-O
O-O 9. h3 dxe4 10. dxe4 Be6 11. Qc2 Qe7 12. b4 Bb6 13. Re1 Rad8 14. Nf1 Bc8 15.
Be3 Bxe3 1/2-1/2

[Event "Open A"]
[Site "Panevezys"]
[Date "2008.08.17"]
[Round "8.22"]
[White "Petuchovas, Robertas"]
[Black "Novikovas, Anatolijus"]
[Result "1-0"]
[WhiteElo "1981"]
[BlackElo "1900"]
[PlyCount "35"]
[EventDate "2008.08.12"]

1. d4 Nf6 2. Nf3 e6 3. Bf4 c5 4. c3 cxd4 5. cxd4 Be7 6. Nc3 O-O 7. e3 d6 8. Bd3
Nbd7 9. h3 a6 10. O-O b5 11. a4 b4 12. Ne4 Nxe4 13. Bxe4 d5 14. Bd3 a5 15. Qc2
Nf6 16. Rfc1 Bd6 17. Qc6 Bxf4 18. Qxa8 1-0

[Event "Open A"]
[Site "Panevezys"]
[Date "2008.08.17"]
[Round "8.23"]
[White "Narva, Triin"]
[Black "Kasela, Sten"]
[Result "0-1"]
[WhiteElo "1835"]
[BlackElo "1979"]
[PlyCount "96"]
[EventDate "2008.08.12"]

1. e4 c6 2. d4 g6 3. Nf3 Bg7 4. Be2 d5 5. e5 h5 6. Nbd2 Nh6 7. Nb3 O-O 8. O-O
Bg4 9. c3 a5 10. Nc5 b6 11. Nd3 Nd7 12. h3 Bxf3 13. Bxf3 e6 14. g4 hxg4 15.
hxg4 g5 16. Kg2 f6 17. exf6 Qxf6 18. Rh1 Rf7 19. Rh3 Raf8 20. Qe2 Re7 21. Be3
Nf7 22. Qc2 Qg6 23. Nb4 Qxc2 24. Nxc2 c5 25. Re1 Rc8 26. Re2 Nf6 27. Bd2 Rce8
28. Rh1 e5 29. dxe5 Rxe5 30. Rxe5 Rxe5 31. Ne3 Nd6 32. Rd1 Kf7 33. b4 axb4 34.
cxb4 d4 35. Nc2 Nfe4 36. Be1 Nc4 37. Be2 Ned6 38. Kf1 Nb2 39. bxc5 bxc5 40. Rd2
Ne4 41. Na3 Nxd2+ 42. Bxd2 d3 43. Bf3 c4 44. Bc3 Rc5 45. Bb4 Rc8 46. Bb7 Rd8
47. Nb1 c3 48. Bxc3 Bxc3 0-1

[Event "Open A"]
[Site "Panevezys"]
[Date "2008.08.17"]
[Round "8.25"]
[White "Zemlickas, Arunas"]
[Black "Bazevicius, Albertas"]
[Result "1/2-1/2"]
[WhiteElo "2095"]
[BlackElo "1898"]
[PlyCount "121"]
[EventDate "2008.08.12"]

1. d4 Nf6 2. c4 e6 3. Nf3 b6 4. Bg5 h6 5. Bh4 Bb4+ 6. Nc3 Bb7 7. e3 O-O 8. Ne5
Be7 9. Nf3 d5 10. Bd3 Ne4 11. Bxe7 Qxe7 12. Qc2 Nxc3 13. bxc3 Nd7 14. cxd5 exd5
15. O-O c5 16. Rfe1 Rfe8 17. Re2 c4 18. Bf5 g6 19. Bh3 Nf8 20. Ne5 Kg7 21. f4
f6 22. Nf3 b5 23. Rb1 Bc6 24. Nh4 Qe4 25. Qxe4 Rxe4 26. g4 Re7 27. Kf2 Kf7 28.
Bg2 Rae8 29. Nf3 Nd7 30. h4 Nb6 31. g5 Nd7 32. gxf6 Kxf6 33. Ne5 Nxe5 34. dxe5+
Ke6 35. e4 dxe4 36. Bxe4 Bxe4 37. Rxe4 Kf5 38. Kf3 a6 39. Rd1 Re6 40. Rg1 Rg8
41. Re2 Rd8 42. Rgg2 Re7 43. Re3 Red7 44. e6 Rd3 45. Rge2 Rxe3+ 46. Rxe3 Re8
47. Re5+ Kf6 48. a4 Rxe6 49. axb5 axb5 50. Rxb5 Rd6 51. Ke4 Rd3 52. Rb6+ Kf7
53. Ke5 Rxc3 54. Rb7+ Ke8 55. Kf6 Rg3 56. Rc7 c3 57. Ke6 Kd8 58. Rc5 Rh3 59. f5
gxf5 60. Kxf5 Rxh4 61. Rxc3 1/2-1/2

[Event "Open A"]
[Site "Panevezys"]
[Date "2008.08.17"]
[Round "8.27"]
[White "Bernotas, Arturs"]
[Black "Voroblievas, Arturas"]
[Result "1-0"]
[WhiteElo "1911"]
[BlackElo "1962"]
[PlyCount "68"]
[EventDate "2008.08.12"]

1. e4 e5 2. Nf3 Nc6 3. d4 exd4 4. Bc4 Nf6 5. Ng5 Ne5 6. Bb3 c5 7. f4 c4 8. fxe5
cxb3 9. exf6 Qxf6 10. axb3 Bc5 11. Qf3 Qg6 12. Qf5 d6 13. Qxg6 fxg6 14. Bd2 O-O
15. Na3 d3 16. O-O-O Bg4 17. Rdf1 Rfc8 18. b4 Bb6 19. Nf3 a5 20. bxa5 Bc5 21.
b4 Rxa5 22. Kb2 Ra6 23. bxc5 Rxc5 24. Bb4 Rb6 25. c3 Be6 26. Nd4 Bd7 27. Rd1
Rg5 28. g3 Rg4 29. Rhe1 d5 30. exd5 Rxb4+ 31. cxb4 Rxd4 32. Kc3 Rxd5 33. Rxd3
Rxd3+ 34. Kxd3 Bf5+ 1-0

[Event "Open A"]
[Site "Panevezys"]
[Date "2008.08.17"]
[Round "8.28"]
[White "Januseviciute, Donata"]
[Black "Ralys, Vincas"]
[Result "0-1"]
[WhiteElo "1856"]
[BlackElo "1841"]
[PlyCount "50"]
[EventDate "2008.08.12"]

1. c4 c5 2. Nc3 Nf6 3. g3 e6 4. Bg2 d5 5. cxd5 exd5 6. e3 Bf5 7. d4 Nc6 8. Nge2
c4 9. O-O Bb4 10. a3 Bxc3 11. Nxc3 O-O 12. Re1 Re8 13. a4 Nb4 14. b3 Nc2 15.
bxc4 Nxa1 16. cxd5 Nc2 17. Re2 Nb4 18. e4 Bg6 19. Qb3 a5 20. e5 Bd3 21. Rb2 Rc8
22. exf6 Re1+ 23. Bf1 Rxf1+ 24. Kg2 Rxc1 25. fxg7 R8xc3 0-1

[Event "Open A"]
[Site "Panevezys"]
[Date "2008.08.18"]
[Round "9.2"]
[White "Godlauskas, Kazys"]
[Black "Kveinys, Aloyzas"]
[Result "1/2-1/2"]
[WhiteElo "2262"]
[BlackElo "2527"]
[PlyCount "21"]
[EventDate "2008.08.12"]

1. e4 c5 2. Nf3 e6 3. c3 Nf6 4. e5 Nd5 5. d4 cxd4 6. cxd4 d6 7. a3 Bd7 8. Bd3
Bc6 9. O-O Nd7 10. b4 a6 11. Bg5 1/2-1/2

[Event "Open A"]
[Site "Panevezys"]
[Date "2008.08.18"]
[Round "9.3"]
[White "Narmontas, Tauras"]
[Black "Labuckas, Aidas"]
[Result "1-0"]
[WhiteElo "2256"]
[BlackElo "2288"]
[PlyCount "111"]
[EventDate "2008.08.12"]

1. e4 c5 2. Nf3 e6 3. d4 cxd4 4. Nxd4 a6 5. Bd3 Nf6 6. O-O Qc7 7. Qe2 d6 8. c4
g6 9. Nc3 Bg7 10. Nf3 Nbd7 11. Rd1 O-O 12. h3 b6 13. Bf4 Ne5 14. Nxe5 dxe5 15.
Be3 Bb7 16. Rac1 Rfc8 17. b4 Bf8 18. a3 a5 19. Nb5 Qc6 20. c5 bxc5 21. Bxc5
Bxc5 22. bxc5 Ba6 23. Nd6 Bxd3 24. Rxd3 Rf8 25. Rb3 Rab8 26. Rb5 a4 27. Qb2 Nd7
28. Rc4 Rxb5 29. Qxb5 Rc8 30. Qxc6 Rxc6 31. Nb7 Rc7 32. c6 Nb8 33. Na5 Kf8 34.
Rxa4 Ke7 35. Rc4 Kd6 36. Kf1 f5 37. Ke2 g5 38. Rb4 Nxc6 39. Rb6 Kc5 40. Rxc6+
Rxc6 41. Nxc6 Kxc6 42. Kd3 Kb5 43. Kc3 h5 44. f3 h4 45. Kb3 Kc5 46. a4 fxe4 47.
fxe4 Kd4 48. a5 Kxe4 49. a6 Kd3 50. a7 e4 51. a8=Q e3 52. Qd8+ Ke2 53. Kc2 Kf1
54. Kd3 e2 55. Qf6+ Kxg2 56. Kxe2 1-0

[Event "Open A"]
[Site "Panevezys"]
[Date "2008.08.18"]
[Round "9.4"]
[White "Limontas, Martynas"]
[Black "Rogule, Laura"]
[Result "1-0"]
[WhiteElo "2275"]
[BlackElo "2265"]
[PlyCount "125"]
[EventDate "2008.08.12"]

1. d4 d5 2. c4 e6 3. Nc3 Nf6 4. cxd5 exd5 5. Bg5 Be7 6. e3 Nbd7 7. Bd3 c6 8.
Nge2 O-O 9. Qc2 Re8 10. O-O Nf8 11. Rae1 Be6 12. f3 Rc8 13. e4 dxe4 14. fxe4 c5
15. d5 c4 16. Bxc4 Rxc4 17. dxe6 Nxe6 18. Bxf6 Bxf6 19. Qb3 Qc8 20. Nd5 Be5 21.
Rc1 Rxc1 22. Rxc1 Qb8 23. h3 b6 24. Rf1 Nc5 25. Qf3 f6 26. Nec3 Bd4+ 27. Kh1
Qe5 28. Re1 Qg5 29. b4 Ne6 30. Qd3 Be5 31. Rf1 Nd4 32. Nb5 Nxb5 33. Qxb5 Rf8
34. Rf3 Qc1+ 35. Rf1 Qc2 36. Ne7+ Kf7 37. Qxe5 Re8 38. Qh5+ Kxe7 39. Qxh7 Kf8
40. Qh8+ Kf7 41. Qh5+ Kf8 42. e5 Qc4 43. Rf3 Qxb4 44. Qh8+ Kf7 45. Qh5+ Kf8 46.
Rg3 Qe1+ 47. Kh2 Qxe5 48. Qh8+ Ke7 49. Qxg7+ Kd6 50. Qxa7 Kc6 51. Qa4+ b5 52.
Qc2+ Kb6 53. Qc3 Qd6 54. Qd3 Qe5 55. Qb3 Ka6 56. Qc3 Qe6 57. Qa3+ Kb6 58. Qb3
Qe4 59. Rg7 Ra8 60. Qg3 Rc8 61. Qf2+ Ka5 62. Qa7+ Kb4 63. Rg4 1-0

[Event "Open A"]
[Site "Panevezys"]
[Date "2008.08.18"]
[Round "9.5"]
[White "Gabrilavicius, Arunas"]
[Black "Klimciauskas, Domantas"]
[Result "0-1"]
[WhiteElo "2123"]
[BlackElo "2222"]
[PlyCount "52"]
[EventDate "2008.08.12"]

1. e4 c6 2. Nc3 d5 3. Nf3 Nf6 4. e5 Nfd7 5. d4 e6 6. Bg5 Be7 7. h4 a6 8. b4 O-O
9. Bxe7 Qxe7 10. a3 a5 11. Rb1 f6 12. Bd3 axb4 13. axb4 Na6 14. Bxh7+ Kxh7 15.
Ng5+ Kg8 16. Qh5 fxg5 17. hxg5 Rf5 18. f4 Nf8 19. Ne2 Nxb4 20. g4 Nxc2+ 21. Kd2
Ra2 22. Nc3 Na3+ 23. Ke3 Nxb1 24. gxf5 Qa3 25. Qh8+ Kf7 26. g6+ Ke8 0-1

[Event "Open A"]
[Site "Panevezys"]
[Date "2008.08.18"]
[Round "9.6"]
[White "Laurusaite, Brigita"]
[Black "Savickas, Airidas"]
[Result "0-1"]
[WhiteElo "2039"]
[BlackElo "2351"]
[PlyCount "181"]
[EventDate "2008.08.12"]

1. e4 e5 2. Nf3 Nc6 3. Bb5 a6 4. Ba4 Nf6 5. Qe2 b5 6. Bb3 Be7 7. c3 O-O 8. d3
d6 9. Nbd2 Na5 10. Bc2 c5 11. O-O Nc6 12. Rd1 Re8 13. Nf1 h6 14. Ng3 Bf8 15. h3
d5 16. a4 b4 17. Bb3 Na5 18. Bxd5 Nxd5 19. exd5 Qxd5 20. Qe4 Bb7 21. cxb4 cxb4
22. Re1 Nb3 23. Rb1 Qxe4 24. dxe4 Bc6 25. a5 Nxa5 26. b3 f6 27. Be3 Bb5 28. Bb6
Nb7 29. Rec1 Rac8 30. Nd2 Nc5 31. Ngf1 Bd3 32. Ra1 Nxe4 33. Nxe4 Bxe4 34. Ne3
Bb7 35. Ba5 Rxc1+ 36. Rxc1 Rc8 37. Rxc8 Bxc8 38. Nd5 Be6 39. Nc7 Bc8 40. Nd5
Kf7 41. Nxb4 Bxb4 42. Bxb4 Be6 43. Kf1 Bxb3 44. Ke2 Bc4+ 45. Ke3 Bf1 46. Kf3 g5
47. Kg3 h5 48. f3 Ke6 49. Kf2 Bb5 50. g4 h4 51. Ba5 Bd3 52. Bd8 e4 53. fxe4
Bxe4 54. Kg1 Kf7 55. Kf2 Kg6 56. Kg1 Bd3 57. Kf2 Bb5 58. Kg2 f5 59. gxf5+ Kxf5
60. Kf2 Bd7 61. Kg2 Bc8 62. Kf2 Kg6 63. Kg2 Bd7 64. Bc7 Bb5 65. Bd8 Kh5 66. Kf2
Kg6 67. Kg1 Kf5 68. Kf2 Bc4 69. Kg2 Bd5+ 70. Kf2 Bc6 71. Bc7 Bd7 72. Bd8 Be6
73. Bc7 Ke4 74. Bd8 Kf4 75. Bc7+ Kf5 76. Bd8 Bd5 77. Bc7 Bb3 78. Bd8 Bd1 79.
Bc7 Ke4 80. Bd8 g4 81. Bxh4 gxh3 82. Kg3 Bg4 83. Bd8 Kd3 84. Bc7 Bd7 85. Kf2
Kc3 86. Kf1 Bf5 87. Ke1 Kb3 88. Kf2 Kb4 89. Bd6+ Ka4 90. Be5 a5 91. Bc3 0-1

[Event "Open A"]
[Site "Panevezys"]
[Date "2008.08.18"]
[Round "9.11"]
[White "Macenis, Audrius"]
[Black "Silkus, Algirdas"]
[Result "1-0"]
[WhiteElo "2128"]
[BlackElo "1897"]
[PlyCount "91"]
[EventDate "2008.08.12"]

1. e4 c5 2. Nf3 Nc6 3. Bb5 e6 4. O-O Nge7 5. Re1 g6 6. e5 Bg7 7. d3 O-O 8. Nc3
a6 9. Bxc6 Nxc6 10. Bf4 f6 11. exf6 Bxf6 12. Qd2 d5 13. Ne5 Nxe5 14. Bxe5 b6
15. d4 Ra7 16. f3 Bg5 17. Qf2 c4 18. Ne2 Raf7 19. c3 Bh4 20. Bg3 Bg5 21. Kh1 h5
22. Ng1 Bh6 23. h4 a5 24. Kh2 b5 25. Nh3 b4 26. Be5 Kh7 27. Re2 b3 28. a3 a4
29. Qg3 Rf5 30. Rae1 R8f7 31. Rh1 Rf8 32. Kg1 Qe8 33. Ng5+ Bxg5 34. hxg5 Kg8
35. Bf6 Qc6 36. Rh3 e5 37. dxe5 d4 38. Re4 dxc3 39. bxc3 Qc5+ 40. Qf2 Qxa3 41.
Rxc4 Qa1+ 42. Kh2 Ba6 43. Qa7 Rf7 44. Qxa6 R7xf6 45. exf6 b2 46. Qe6+ 1-0

[Event "Open A"]
[Site "Panevezys"]
[Date "2008.08.18"]
[Round "9.12"]
[White "Lomonosovas, Vitalijus"]
[Black "Batkovskyte, Dominyka"]
[Result "1/2-1/2"]
[WhiteElo "2123"]
[BlackElo "1934"]
[PlyCount "100"]
[EventDate "2008.08.12"]

1. d4 d5 2. c4 dxc4 3. Nc3 a6 4. a4 c5 5. d5 e6 6. e4 exd5 7. exd5 Bd6 8. Bxc4
Nf6 9. Qe2+ Qe7 10. Qxe7+ Kxe7 11. Nge2 Bf5 12. Ng3 Bg6 13. O-O Nbd7 14. f4 Nb6
15. Be2 Bc2 16. Bf3 h5 17. a5 Nbd7 18. Rf2 Bd3 19. Rd2 Bg6 20. Re2+ Kd8 21.
Nge4 Nxe4 22. Bxe4 Bxe4 23. Nxe4 Re8 24. Bd2 Nf6 25. Rae1 Nxe4 26. Rxe4 Kd7 27.
Kf2 Bc7 28. Rxe8 Rxe8 29. Rxe8 Kxe8 30. Ke3 Kd7 31. Kd3 g5 32. g3 gxf4 33. gxf4
f5 34. Kc4 Bd6 35. b3 Kc7 36. Be3 Kd7 37. Kd3 Bc7 38. Bd2 Bd6 39. Ke3 Bc7 40.
Bc3 Bd8 41. Kd3 Bc7 42. Bd2 Bd6 43. Kc4 Kc7 44. Kd3 Kd7 45. Ke3 Bc7 46. Bc3 Bd8
47. Kd3 Bc7 48. Bd2 Bd6 49. Kc4 Kc7 50. h3 Kd7 1/2-1/2

[Event "Open A"]
[Site "Panevezys"]
[Date "2008.08.18"]
[Round "9.13"]
[White "Beinoraite, Viktorija"]
[Black "Rumiancev, Boris"]
[Result "1/2-1/2"]
[WhiteElo "2012"]
[BlackElo "2153"]
[PlyCount "151"]
[EventDate "2008.08.12"]

1. d4 Nf6 2. c4 c5 3. Nf3 e6 4. g3 d5 5. cxd5 Nxd5 6. e4 Nb6 7. Nc3 cxd4 8.
Qxd4 Qxd4 9. Nxd4 a6 10. a3 Bd7 11. Be3 Na4 12. Nxa4 Bxa4 13. Rc1 Nc6 14. Bg2
e5 15. Ne2 Bd6 16. Nc3 Bb3 17. Nd5 a5 18. Bc5 Rd8 19. Bb6 Rb8 20. Bf1 O-O 21.
Bc4 Bxc4 22. Rxc4 f5 23. O-O fxe4 24. Rxe4 Rf3 25. Ne3 Rbf8 26. Nc4 Bb8 27.
Nxa5 Nxa5 28. Bxa5 Ba7 29. Be1 Bd4 30. Re2 Rb3 31. Bb4 Rf7 32. Rc1 h6 33. Rcc2
Rf6 34. Bc3 Bxc3 35. Rxc3 Rxc3 36. bxc3 Rc6 37. Rxe5 Rxc3 38. Re3 Rc1+ 39. Kg2
Rb1 40. g4 b5 41. Kg3 b4 42. axb4 Rxb4 43. h4 Ra4 44. f3 Kf7 45. Re4 Ra3 46.
Kf4 Rb3 47. Rc4 Rb5 48. Rc7+ Kg6 49. Rc6+ Kf7 50. Rc4 Ra5 51. Ke4 Ra7 52. g5
hxg5 53. hxg5 Re7+ 54. Kf4 g6 55. Re4 Ra7 56. Kg4 Rb7 57. Rf4+ Kg7 58. Rd4 Ra7
59. Kf4 Re7 60. Rd6 Rf7+ 61. Ke4 Re7+ 62. Kd5 Rf7 63. Ke4 Re7+ 64. Kf4 Rf7+ 65.
Kg4 Ra7 66. f4 Rb7 67. Rd4 Rf7 68. Re4 Ra7 69. Re5 Rb7 70. Re4 Rf7 71. Rc4 Rf5
72. Rc7+ Kg8 73. Re7 Ra5 74. Kf3 Ra4 75. Re5 Kg7 76. Re6 1/2-1/2

[Event "Open A"]
[Site "Panevezys"]
[Date "2008.08.18"]
[Round "9.14"]
[White "Kasela, Sten"]
[Black "Narmontas, Raimondas"]
[Result "1/2-1/2"]
[WhiteElo "1979"]
[BlackElo "2148"]
[PlyCount "63"]
[EventDate "2008.08.12"]

1. d4 c5 2. c3 cxd4 3. cxd4 d5 4. Nf3 Nc6 5. Nc3 Nf6 6. g3 Bf5 7. Bg2 e6 8. O-O
Qb6 9. Na4 Qd8 10. Nc3 Rc8 11. Bg5 Be7 12. Qb3 b6 13. Ne5 O-O 14. Nxc6 Rxc6 15.
Bxf6 Bxf6 16. e3 h5 17. Rac1 Rc8 18. h3 Qd7 19. Qb5 Qxb5 20. Nxb5 Bd3 21. Nxa7
Ra8 22. Rfd1 Be2 23. Rd2 Rxa7 24. Rxe2 Rxa2 25. Rc6 Rb8 26. Rec2 b5 27. b4 Ra4
28. Rc8+ Rxc8 29. Rxc8+ Kh7 30. Bf1 Rxb4 31. Rb8 e5 32. Rxb5 1/2-1/2

[Event "Open A"]
[Site "Panevezys"]
[Date "2008.08.18"]
[Round "9.15"]
[White "Grigaliunas, Sigitas"]
[Black "Balcaite, Agne"]
[Result "1-0"]
[WhiteElo "2113"]
[BlackElo "1830"]
[PlyCount "47"]
[EventDate "2008.08.12"]

1. e4 c5 2. Nf3 Nc6 3. Bb5 g6 4. Nc3 Bg7 5. O-O e6 6. Bxc6 bxc6 7. b3 d5 8. Re1
Ne7 9. Rb1 Qa5 10. Na4 c4 11. Ba3 cxb3 12. axb3 dxe4 13. Rxe4 Qd5 14. d3 Nf5
15. Qe2 Nd6 16. c4 Nxc4 17. dxc4 Qa5 18. Rd1 Qc7 19. Qd3 f6 20. Qd6 Qxd6 21.
Bxd6 Kf7 22. Nc5 e5 23. Ree1 Bf5 24. Nh4 1-0

[Event "Open A"]
[Site "Panevezys"]
[Date "2008.08.18"]
[Round "9.16"]
[White "Kubilius, Jonas"]
[Black "Zebelis, Rimantas"]
[Result "1-0"]
[WhiteElo "2085"]
[BlackElo "1994"]
[PlyCount "127"]
[EventDate "2008.08.12"]

1. e4 g6 2. d4 d6 3. Nf3 Bg4 4. Be2 Bg7 5. O-O c6 6. Nc3 Nf6 7. Be3 O-O 8. Qd2
Nbd7 9. h3 Bxf3 10. Bxf3 e5 11. Rad1 Qc7 12. d5 c5 13. Nb5 Qb8 14. c4 a6 15.
Nc3 b5 16. b3 Qb7 17. Qd3 Rfb8 18. Be2 b4 19. Na4 Re8 20. Rde1 a5 21. Bd1 Qc7
22. Bc1 Rab8 23. Qg3 Nf8 24. Nb2 h6 25. h4 Kh7 26. Nd3 h5 27. f3 N6d7 28. Nf2
a4 29. Nh3 axb3 30. axb3 Ra8 31. Ng5+ Kg8 32. Bb2 Ra2 33. Rf2 Nh7 34. Nh3 Qd8
35. Bc1 Rxf2 36. Qxf2 Bf6 37. g3 Qc7 38. g4 Qd8 39. g5 Bg7 40. Re2 Nb6 41. Ra2
Qd7 42. Kh2 Qb7 43. Qb2 Ra8 44. Qa1 Nf8 45. Rxa8 Qxa8 46. Qxa8 Nxa8 47. Nf2 Nd7
48. Nd3 Kf8 49. Kg3 Ke7 50. Be2 Nab6 51. Bf1 Bh8 52. Bh3 Bg7 53. Bb2 Bh8 54.
Kg2 f6 55. f4 fxg5 56. hxg5 Nxc4 57. bxc4 Nb6 58. fxe5 Nxc4 59. exd6+ Nxd6 60.
Bxh8 Nxe4 61. Be5 b3 62. Nb2 Nxg5 63. d6+ Kf8 64. d7 1-0

[Event "Open A"]
[Site "Panevezys"]
[Date "2008.08.18"]
[Round "9.17"]
[White "Vaitonis, Vytautas"]
[Black "Petuchovas, Robertas"]
[Result "1/2-1/2"]
[WhiteElo "2078"]
[BlackElo "1981"]
[PlyCount "42"]
[EventDate "2008.08.12"]

1. d4 d5 2. c4 c6 3. cxd5 cxd5 4. Nf3 Nf6 5. Nc3 Nc6 6. Bf4 e6 7. e3 Bd6 8.
Bxd6 Qxd6 9. Bd3 O-O 10. h3 Bd7 11. O-O Rad8 12. Rc1 Bc8 13. a3 Rfe8 14. Qc2 a6
15. Rfd1 e5 16. dxe5 Nxe5 17. Be2 Qe7 18. Qb3 Nc6 19. Qa4 Rd6 20. Qf4 Red8 21.
Nd4 Qe5 1/2-1/2

[Event "Open A"]
[Site "Panevezys"]
[Date "2008.08.18"]
[Round "9.19"]
[White "Petraitis, Gintautas"]
[Black "Bernotas, Arturs"]
[Result "0-1"]
[WhiteElo "2071"]
[BlackElo "1911"]
[PlyCount "118"]
[EventDate "2008.08.12"]

1. e4 c5 2. Nc3 d6 3. f4 g6 4. Nf3 Bg7 5. Bc4 Nc6 6. O-O Nf6 7. e5 dxe5 8. fxe5
Nxe5 9. Nxe5 Qd4+ 10. Kh1 Qxe5 11. d3 O-O 12. Bf4 Qh5 13. Qxh5 Nxh5 14. Be3
Bxc3 15. bxc3 b6 16. Bd5 Rb8 17. Bh6 Nf6 18. Bxf8 Nxd5 19. c4 Ne3 20. Rf3 Nxc2
21. Raf1 Bb7 22. Bxe7 Bxf3 23. gxf3 Re8 24. Bf6 Re1 25. Kg1 Re6 26. Bc3 Nd4 27.
Bxd4 cxd4 28. Kf2 Re3 29. Rd1 Kg7 30. a4 Re5 31. f4 Re3 32. a5 Kf6 33. axb6
axb6 34. Rb1 Kf5 35. Rb5+ Kxf4 36. Rxb6 f5 37. Rd6 Rxd3 38. Ke2 Rh3 39. c5
Rxh2+ 40. Kd3 Ke5 41. Rxd4 Rh1 42. Rc4 Rd1+ 43. Ke3 Rd7 44. Rc1 Rc7 45. Rh1
Rxc5 46. Rxh7 Rc3+ 47. Kf2 g5 48. Ra7 f4 49. Ra5+ Kf6 50. Kg2 Kg6 51. Ra2 Kf5
52. Rb2 Kg4 53. Ra2 Rg3+ 54. Kh2 Rh3+ 55. Kg2 f3+ 56. Kg1 Kf4 57. Ra4+ Kg3 58.
Ra3 g4 59. Rb3 Rh8 0-1